000 00508nam a2200181Ia 4500
999 _c9995
_d9995
003 OSt
005 20191220094127.0
008 190216s9999||||xx |||||||||||||| ||und||
020 _a8170334071
040 _coclc
082 _a333
_bMEH/P
100 _aMehta, S R
_9605
245 0 _aPoverty Population And Sustainable Development /
_cS R Mehta
260 _bRawat Publications,
_c1997.
_aJaipur:
300 _a430p
650 _aEconomics
942 _cBK
_2ddc
_h333
_iMEH/P
_k333
_mMEH/P